000 00647nam a22002177a 4500
999 _c195306
_d195306
005 20230317115743.0
010 _aENG-136458
020 _c778.00
_a9789354422973
035 _aEN-119990
037 _bDBAD/PUB
082 _a333.913095479
100 _aOza, Nandini
245 _aThe Struggle For Narmada /
_cBy Nandini Oza
260 _bOrient Blackswan Pvt LTD
_aTelengana
_c2022
270 _a3-6-752 Himayatnagar
_bHyderabad
_e500029
300 _axliv273p.
_c21cm(pbk)
700 _aParanjape, Suhas
700 _aChowdhury, Indira
_eForword
700 _aManorama, Swatija
942 _2ddc
_cEN
_h333.913095479
_mNAN